All 1000th Space SCPs - Statistics

General Stats
  • This quiz has been taken 28 times
  • The average score is 6 of 22
Answer Stats
Hint Answer % Correct
SCP-1000 Bigfoot
100%
SCP-5000 Why?
89%
SCP-2000 Deus Ex Machina
78%
SCP-4000 Taboo
78%
SCP-3000 Anantashesha
56%
SCP-7000 The Loser
56%
SCP-8000 The Seal of Approval
50%
SCP-6000 The Serpent, the Moose,and the Wanderer's Library
50%
SCP-1000-CN 2300
11%
SCP-4000-J 2boo
11%
SCP-6000-Jay The Great Gatsby by F. Scott Fitzgerald
11%
SCP-9000-J ⠓⠕⠏⠑⠀⠽⠕⠥⠀⠉⠁⠝⠀⠗⠑⠁⠙⠀⠃⠗⠁⠊⠇⠇⠑
6%
SCP-8000-J Actually, It's Pronounced...
6%
SCP-CN-2000-J Foundation's Bizarre Black-Technologies
6%
SCP-1000-KO Foundation Star
6%
SCP-3000-J Kellogg's® Foundation Flakes™!
6%
SCP-1000-J Old Wives' Tale
6%
SCP-100000-J Procedure 110-Overkill
6%
SCP-5000-J The Cookie Caper
6%
SCP-2000-J Dunky the Funky Werecat 2000: Werecat Strikes Back
0%
SCP-15000-J The Dupe Detective
0%
SCP-7000-J Veni, Veni, [DATA EXPUNGED]
0%
No matching quizzes found
Score Distribution
Percent of People with Each Score
Percentile by Number Answered
Your Score History
You have not taken this quiz